00952 2200325 4500001002100000005001500021035002000036007000300056008004100059020002200100040002200122082001500144084001700159090002100176090002100197100002600218245008600244250003500330300002800365650002200393700003000415850001200445041000800457264004500465336002100510337003000531338002300561999002100584990002100605INLIS00000000084987720190729085713 a0010-0719000878ta190729 2019 yoi g p ind d a978-623-7089-06-3 aYOPDYOGbinderda04223a808.81 a808.81 PAN s aDEP 808.81 PAN s aCB-D.11 2019-9760 aPanji Gozaliepenulis10aSukma mawar :bkumpulan sajak /cpenulis, Panji Gozali; penyunting, Jelly Vantani aCetakan Pertama: Januari, 2019 avi, 62 halaman ;c21 cm 4aPuisi--vKumpulan0 aJelly Vantaniepenyunting aYOPDYOG0 aind31aYogyakarta :bLembaga Ladang Kata,c2019 2rdacontentateks 2rdamediaatanpa perantara 2rdacarrieravolume aCB-D.11/2019-976 aCB-D.11/2019-976